عرض عادي
عرض مارك
- Stephenson, Frank Harold.
مدخل إسم شخص
001 - رقم الضبط
- حقل الضبط: 40114
003 - معرف رقم الضبط
- حقل الضبط: OSt
005 - تاريخ ووقت أخر عملية
- حقل الضبط: 20131116183502.0
008 - عناصر بيانات ثابتة الطول
- حقل تحكم ثابت الطول: 131116|||a|||||| | ||| d
040 ## - مصدر الفهرسة
- هيئة الفهرسة الأصلية: OSt
- وكالة الكتابة: OSt
100 ## - مدخل -- أسم شخص
- إسم شخص: Stephenson, Frank Harold.
670 ## - بيانات المصدر موجوده
- الاستشهاد بالمصدر: Work cat.: (OSt)0: Stephenson, Frank Harold., Calculations for molecular biology and biotechnology, 2010.
